000 00236nam a2200097Ia 4500
008 230508s2003 xx 000 0 und d
041 _aeng
100 _aI.ZHEREBTSOV
245 _aFUNDAMENTALS OF RADIO
260 _bMIR PUBLI.MOSCOW
_c2003
999 _c325669
_d325669